00474cam a2200169ua 45000010005000000080039000050200018000440400009000620820010000711000028000812450062001092500009001712600049001803000017002296530013002466530045002591683110715n ii |||gr||||Z||||||eng a81-204-0092-5 cMAIN a338.1 aBansil, P. C.,eAuthor.1 aEconomic problems of indian agriculturalcby P. C. Bansil a5th. aNew Delhi:bOxford & IBH publishing co.,986. a304p:c25cm. aEconomic aeconomic problems of indian agricultural